[Event "13th SRB-ch Men 2019"]
[Site "Beograd"]
[Date "2019.04.08"]
[Round "3.4"]
[White "Damljanovic, Branko"]
[Black "Nestorovic, Nikola"]
[Result "1/2-1/2"]
[WhiteElo "2486"]
[BlackElo "2473"]
[Annotator "RC"]
[PlyCount "88"]
[EventDate "2019.04.06"]
[EventType "tourn"]
[EventCountry "SRB"]
[SourceTitle "playchess.com"]
[Source "ChessBase"]
[SourceQuality "1"]
[TimeControl "40/5400+30:1800+30"]

1. Nf3 {[%emt 0:00:05]} d5 {[%emt 0:00:12]} 2. g3 {[%emt 0:00:09]} g6 {[%emt 0:00:06]} 3. c4 {[%emt 0:00:19]} d4 {[%emt 0:00:26]} 4. Bg2 {[%emt 0:00:07]} Bg7 {[%emt 0:00:08]} 5. d3 {[%emt 0:00:06]} e5 {[%emt 0:00:41]} 6. b4 {[%emt 0:00:28]} Ne7 {[%emt 1:31:27]} 7. Nbd2 a5 {[%emt 0:00:00]} 8. b5 {[%emt 0:02:04]} c5 {[%emt 0:00:00]} 9. Ba3 {[%emt 0:11:46]} Nd7 {[%emt 0:00:00]} 10. Rb1 {[%emt 0:00:46]} O-O {[%emt 0:00:00]} 11. O-O {[%emt 1:19:40]} Qc7 12. Nb3 Qb6 13. Re1 a4 14. Nbd2 {[%emt 0:00:00]} Nf5 {[%emt 0:00:00]} 15. e3 {[%emt 0:00:00]} dxe3 {[%emt 0:00:00]} 16. fxe3 {[%emt 0:00:00]} Bh6 {[%emt 0:00:00]} 17. Nf1 {[%emt 0:00:00]} Re8 {[%emt 0:00:00]} 18. g4 {[%emt 0:00:00]} e4 {[%emt 0:00:00]} 19. N3d2 {[%emt 0:00:00]} Nd6 {[%emt 0:00:00]} 20. d4 {[%emt 0:04:30]} Bg7 {[%emt 0:00:00]} 21. Ng3 {[%emt 0:00:00]} cxd4 {[%emt 0:00:00]} 22. Ndxe4 {[%emt 0:00:00]} Nxe4 {[%emt 0:00:00]} 23. Nxe4 {[%emt 0:00:00]} Ne5 {[%emt 0:00:00]} 24. Bc5 {[%emt 0:00:00]} Qd8 {[%emt 0:00:00]} 25. h3 {[%emt 0:00:00]} d3 {[%emt 0:00:00]} 26. Bd4 {[%emt 0:00:00]} Nxc4 {[%emt 0:00:00]} 27. Bxg7 {[%emt 0:00:00]} Kxg7 {[%emt 0:00:00]} 28. Rb4 {[%emt 0:00:00]} Ne5 {[%emt 0:00:00]} 29. Rd4 {[%emt 0:00:00]} Qe7 {[%emt 0:00:00]} 30. Nf2 {[%emt 0:00:00]} Bd7 {[%emt 0:04:04]} 31. Rd5 {[%emt 0:03:34]} Rac8 {[%emt 0:08:26]} 32. Nxd3 {[%emt 0:01:45]} Nxd3 {[%emt 0:00:00]} 33. Qxd3 {[%emt 0:00:07]} Be6 {[%emt 0:00:00]} 34. Rd4 {[%emt 0:00:32]} a3 {[%emt 0:00:00]} 35. b6 {[%emt 0:00:47]} Qc5 {[%emt 0:00:21]} 36. Ra1 {[%emt 0:00:41]} Qxb6 {[%emt 0:00:44]} 37. Qxa3 {[%emt 0:00:08]} Rc2 {[%emt 0:00:29]} 38. Qb4 {[%emt 0:00:18]} Qc7 {[%emt 0:01:01]} 39. Rd2 {[%emt 0:00:32]} Rd8 {[%emt 0:00:51]} 40. Rxd8 {[%emt 0:00:00]} Qxd8 {[%emt 0:00:00]} 41. Qd4+ {[%emt 0:01:41]} Qxd4 {[%emt 0:02:03]} 42. exd4 {[%emt 0:00:15]} Bxa2 {[%emt 0:01:14]} 43. Bxb7 {[%emt 0:00:09]} Rd2 {[%emt 0:00:04]} 44. Bf3 {[%emt 0:00:22]} Be6 {[%emt 0:01:04]} 1/2-1/2

[Event "13th SRB-ch Men 2019"]
[Site "Beograd"]
[Date "2019.04.08"]
[Round "3.5"]
[White "Cabarkapa, Novak"]
[Black "Kovacevic, Aleksandar"]
[Result "0-1"]
[WhiteElo "2454"]
[BlackElo "2503"]
[Annotator "ChessBase"]
[PlyCount "98"]
[EventDate "2019.04.06"]
[EventType "tourn"]
[EventCountry "SRB"]
[SourceTitle "playchess.com"]
[Source "ChessBase"]
[SourceQuality "1"]
[TimeControl "40/5400+30:1800+30"]

1. e4 {[%emt 0:00:00]} c5 {[%emt 0:00:00]} 2. d3 {[%emt 0:00:00]} Nc6 {[%emt 0:00:08]} 3. g3 {[%emt 0:00:06]} g6 {[%emt 0:00:51]} 4. Bg2 {[%emt 0:00:06]} Bg7 {[%emt 0:00:03]} 5. f4 {[%emt 0:00:05]} d6 {[%emt 0:01:52]} 6. Nf3 {[%emt 0:00:14]} e5 {[%emt 0:01:16]} 7. O-O {[%emt 0:01:07]} Nge7 {[%emt 0:00:20]} 8. Nc3 {[%emt 0:01:51]} O-O {[%emt 0:01:23]} 9. f5 {[%emt 0:00:37]} gxf5 {[%emt 0:01:01]} 10. Nh4 {[%emt 0:00:27]} f4 {[%emt 0:00:21]} 11. gxf4 {[%emt 0:00:43]} Ng6 {[%emt 0:00:30]} 12. Nf5 {[%emt 0:00:30]} Bxf5 {[%emt 0:00:30]} 13. exf5 {[%emt 0:00:30]} Nxf4 {[%emt 0:00:30]} 14. Bxf4 {[%emt 0:00:30]} exf4 {[%emt 1:28:15]} 15. Rxf4 {[%emt 0:03:45]} Be5 {[%emt 0:00:00]} 16. Rg4+ {[%emt 0:16:54]} Kh8 {[%emt 0:00:00]} 17. Nd5 {[%emt 0:05:32]} Ne7 {[%emt 0:00:00]} 18. Nxe7 {[%emt 0:21:04]} Qxe7 {[%emt 0:00:00]} 19. c3 {[%emt 0:00:07]} Rg8 {[%emt 0:00:00]} 20. d4 {[%emt 0:06:59]} Rxg4 {[%emt 0:00:00]} 21. Qxg4 {[%emt 0:00:06]} Rg8 {[%emt 0:00:00]} 22. Qe4 {[%emt 0:00:07]} Bxd4+ {[%emt 0:00:00]} 23. Kh1 {[%emt 0:00:05]} Be5 {[%emt 0:00:00]} 24. Rc1 {[%emt 0:07:01]} Qg5 {[%emt 0:00:00]} 25. Rc2 {[%emt 0:00:20]} Qh5 {[%emt 0:00:00]} 26. Bf1 {[%emt 0:05:28]} Rg4 {[%emt 0:00:00]} 27. Qd3 {[%emt 0:06:42]} c4 {[%emt 0:00:00]} 28. Qe3 {[%emt 0:01:56]} Qxf5 {[%emt 0:00:00]} 29. Rf2 {[%emt 0:00:11]} Qg6 {[%emt 0:00:00]} 30. Bg2 {[%emt 0:01:03]} b6 {[%emt 0:00:00]} 31. Qf3 {[%emt 0:01:21]} Kg7 {[%emt 0:00:00]} 32. Qf5 {[%emt 0:03:43]} Qxf5 {[%emt 0:06:34]} 33. Rxf5 {[%emt 0:00:06]} Rh4 {[%emt 0:00:21]} 34. h3 {[%emt 0:01:01]} f6 {[%emt 0:00:13]} 35. Kg1 {[%emt 0:01:11]} b5 {[%emt 0:00:44]} 36. a3 {[%emt 0:00:28]} a5 {[%emt 0:00:33]} 37. Bc6 {[%emt 0:01:15]} Rxh3 {[%emt 0:01:42]} 38. Bxb5 {[%emt 0:00:14]} d5 {[%emt 0:00:03]} 39. Kf1 {[%emt 0:04:32]} h5 {[%emt 0:00:27]} 40. Rf2 {[%emt 0:00:00]} Rd3 {[%emt 0:00:00]} 41. Ke2 {[%emt 0:05:57]} Rg3 {[%emt 0:17:31]} 42. a4 {[%emt 0:01:43]} Kf7 {[%emt 0:00:26]} 43. Kf1 {[%emt 0:04:13]} Ke6 {[%emt 0:03:01]} 44. Rd2 {[%emt 0:00:59]} Bf4 {[%emt 0:00:18]} 45. Re2+ {[%emt 0:02:59]} Re3 {[%emt 0:00:56]} 46. Rf2 {[%emt 0:00:59]} Ke5 {[%emt 0:01:17]} 47. Bc6 {[%emt 0:00:17]} Rd3 {[%emt 0:01:08]} 48. Re2+ {[%emt 0:00:13]} Kd6 {[%emt 0:01:16]} 49. Be8 {[%emt 0:00:07]} h4 {[%emt 0:00:16]} 0-1

[Event "13th SRB-ch Men 2019"]
[Site "Beograd"]
[Date "2019.04.09"]
[Round "4.1"]
[White "Zajic, Milan"]
[Black "Kovacevic, Aleksandar"]
[Result "1/2-1/2"]
[WhiteElo "2507"]
[BlackElo "2503"]
[Annotator "TA"]
[PlyCount "134"]
[EventDate "2019.04.06"]
[EventType "tourn"]
[EventCountry "SRB"]
[SourceTitle "playchess.com"]
[Source "ChessBase"]
[SourceQuality "1"]

{[%evp 16,134,2,17,27,19,22,11,17,0,0,0,0,0,0,0,13,0,0,0,0,0,0,0,14,0,0,14,48,44,70,66,70,47,53,7,60,3,3,3,122,125,168,45,62,45,74,76,79,73,79,87,84,37,49,43,51,35,45,42,74,53,120,90,89,81,80,0,88,86,90,82,1488,1478,1510,1338,2431,1464,596,129,456,441,5057,2438,1081,1008,5189,405,545,209,493,51,51,51,59,58,59,59,59,59,59,58,63,63,74,0,0,0,0,0,0,0,0,0,0,0,0,0,0,0,0]} 1. e4 c5 2. Nf3 e6 3. c4 Nc6 4. d4 cxd4 5. Nxd4 Nf6 6. Nc3 Bb4 7. Nxc6 bxc6 8. Bd3 e5 9. O-O Bc5 {B44: Sicilian: Taimanov: 5 Nb5} (9... O-O 10. Qe2 Bxc3 11. bxc3 d6 12. c5 dxc5 13. f3 Be6 14. Be3 Qe7 15. a4 Rfb8 16. Rfb1 Nd7 17. a5 Qd8 {½-½ (44) Carlsen,M (2835)-Anand,V (2773) St Petersburg 2018}) 10. Rb1 a5 11. Na4 Bd4 12. Qe2 $146 ({Predecessor:} 12. c5 d5 13. Bg5 Rb8 14. Qc2 h6 15. Bxf6 Qxf6 16. Nc3 Qe7 17. Ne2 Bxc5 {½-½ (26) Wesche,T (1926)-Sladek,V (2034) ICCF email 2006}) 12... d6 13. Be3 c5 14. Bxd4 cxd4 15. c5 dxc5 16. Nxc5 O-O 17. Rfc1 Nd7 18. Qd2 Qb6 19. Na4 $36 {[%mdl 2048] White is pushing.} Qg6 20. Bb5 Nf6 21. f3 Be6 22. b3 Rfb8 23. Bc6 Ra6 24. Rc5 Nd7 25. Rc2 (25. Bxd7 $5 Bxd7 26. Nb2 $14) 25... Nb6 (25... h6 $11) 26. Nxb6 ({White should play} 26. Qd3 $14 Bc8 27. Rbc1 Nxa4 28. Bxa4) 26... Rbxb6 $11 27. Ba4 f5 (27... Qf6 $11 {remains equal.}) 28. Re1 fxe4 29. fxe4 ({White must play} 29. Rxe4 $18 Rb8 30. Rc5 (30. Rxe5 d3 $16)) 29... Rd6 30. Rc5 d3 31. Rc3 h6 32. Rxd3 Rxd3 33. Qxd3 Bf7 34. Qe3 Rd6 35. h3 Rd4 36. Kh2 Qd6 37. Bb5 Kh7 38. Qf3 Qb4 ({Black should try} 38... Bg6 $14) 39. Qxf7 Qxe1 $16 {[%mdl 4096] Endgame KQR-KQB} 40. Qf5+ $1 Kh8 41. Qf8+ Kh7 42. Bc4 $1 {[%cal Rc4g8]} Rxc4 43. Qf5+ {[%mdl 64] Double Attack} g6 $2 {[%mdl 8192]} (43... Kh8 $16 44. bxc4 Qb4) 44. Qf7+ $18 Kh8 45. bxc4 {[%cal Bb3c4,Bc4c5][%mdl 32]} Qxe4 {KQ-KQ} 46. c5 Qc6 47. Qf8+ Kh7 {[#]} 48. Qd6 $1 {[%cal Rd6c6]} Qe4 (48... Qa4 $142 49. Qxe5 Qc4 50. Qe7+ Kg8) 49. Qe7+ Kg8 {[#]} 50. Qf6 $1 Kh7 51. Qf7+ (51. c6 $142 Qc4 52. Qe7+ Kg8 53. Qe8+ Kh7 54. Qd7+ Kh8 55. c7 Qf4+ 56. Kg1 Qc1+ 57. Kf2 Qc5+ 58. Kg3 Qe3+ 59. Kh2 Qf4+ 60. Kg1 Qc1+ 61. Kf2 Qf4+ 62. Kg1) 51... Kh8 52. Qf8+ Kh7 53. Qf3 $2 (53. Qf6 $18 {Strongly threatening c6.} Qb7 54. Qd6 (54. Qxe5 h5 $18)) 53... Qc4 $14 54. Qb7+ Kg8 55. Qb8+ Kf7 56. Qxe5 Qxa2 57. c6 Qe6 $1 {[%cal Re6e5]} 58. Qc5 Qe7 59. Qc4+ Qe6 60. Qf4+ (60. Qc3 $16) 60... Ke7 $11 {Threatens to win with ...Qd6.The position is equal.} 61. Qc7+ Ke8 62. Qb8+ Ke7 63. Qa7+ Kd6 64. Qxa5 Kxc6 65. Qc3+ Kd7 66. Qg7+ Ke8 67. Qxh6 Qe5+ $1 {Accuracy: White = 63%, Black = 57%.} 1/2-1/2

[Event "13th SRB-ch Men 2019"]
[Site "Beograd"]
[Date "2019.04.09"]
[Round "4.2"]
[White "Nestorovic, Nikola"]
[Black "Cabarkapa, Novak"]
[Result "1-0"]
[WhiteElo "2473"]
[BlackElo "2454"]
[Annotator "ChessBase"]
[PlyCount "67"]
[EventDate "2019.04.06"]
[EventType "tourn"]
[EventCountry "SRB"]
[SourceTitle "playchess.com"]
[Source "ChessBase"]
[SourceQuality "1"]
[TimeControl "40/5400+30:1800+30"]

1. d4 {[%emt 0:00:00]} Nf6 {[%emt 0:00:00]} 2. Nf3 {[%emt 0:00:00]} g6 {[%emt 0:00:15]} 3. Nbd2 {[%emt 0:00:00]} Bg7 {[%emt 0:01:17]} 4. e4 {[%emt 0:00:00]} d6 {[%emt 0:00:18]} 5. Bb5+ {[%emt 0:00:00]} c6 {[%emt 0:03:33]} 6. Bd3 {[%emt 0:00:05]} O-O {[%emt 0:00:57]} 7. O-O {[%emt 0:00:07]} Qc7 {[%emt 0:01:27]} 8. Re1 {[%emt 0:00:52]} e5 {[%emt 0:01:36]} 9. c3 {[%emt 0:00:12]} a5 {[%emt 0:03:18]} 10. b3 {[%emt 0:03:41]} b5 {[%emt 0:04:34]} 11. a4 {[%emt 0:02:15]} exd4 {[%emt 0:05:37]} 12. cxd4 {[%emt 0:00:15]} b4 {[%emt 0:00:08]} 13. h3 {[%emt 0:17:59]} Ba6 {[%emt 0:07:13]} 14. Nf1 {[%emt 0:05:45]} Bxd3 {[%emt 0:05:39]} 15. Qxd3 {[%emt 0:00:11]} d5 {[%emt 0:00:06]} 16. e5 {[%emt 0:00:07]} Ne4 {[%emt 0:00:13]} 17. Ng5 {[%emt 0:07:06]} Nxg5 {[%emt 0:07:52]} 18. Bxg5 {[%emt 0:00:06]} Nd7 {[%emt 0:05:27]} 19. Be7 {[%emt 0:00:44]} Rfe8 {[%emt 0:04:10]} 20. Bd6 {[%emt 0:00:06]} Qb7 {[%emt 0:02:28]} 21. f4 {[%emt 0:09:25]} Qa6 {[%emt 0:05:15]} 22. Qf3 {[%emt 0:03:24]} Nf8 {[%emt 0:05:33]} 23. Rad1 {[%emt 0:07:58]} Ne6 {[%emt 0:02:56]} 24. f5 {[%emt 0:03:18]} gxf5 {[%emt 0:00:28]} 25. Qxf5 {[%emt 0:01:47]} Qa7 {[%emt 0:00:36]} 26. Qf2 {[%emt 0:02:15]} Rad8 {[%emt 0:02:10]} 27. Ng3 {[%emt 0:01:27]} f6 {[%emt 0:00:50]} 28. exf6 {[%emt 0:03:11]} Rxd6 {[%emt 0:00:07]} 29. Nf5 {[%emt 0:00:14]} Bf8 {[%emt 0:01:28]} 30. Qg3+ {[%emt 0:00:43]} Kf7 {[%emt 0:00:35]} 31. Nxd6+ {[%emt 0:00:30]} Bxd6 {[%emt 0:00:06]} 32. Qxd6 {[%emt 0:00:06]} Nxd4 {[%emt 0:00:05]} 33. Kh1 {[%emt 0:05:34]} Ne2 {[%emt 0:03:25]} 34. Qxc6 {[%emt 0:02:42]} 1-0

[Event "13th SRB-ch Men 2019"]
[Site "Beograd"]
[Date "2019.04.09"]
[Round "4.3"]
[White "Ivic, Velimir"]
[Black "Damljanovic, Branko"]
[Result "1-0"]
[WhiteElo "2516"]
[BlackElo "2486"]
[Annotator "TA"]
[PlyCount "77"]
[EventDate "2019.04.06"]
[EventType "tourn"]
[EventCountry "SRB"]
[SourceTitle "playchess.com"]
[Source "ChessBase"]
[SourceQuality "1"]

{[%evp 17,77,20,47,7,0,0,0,0,0,0,0,8,11,0,29,34,14,5,17,14,27,34,18,7,23,16,29,0,4,0,29,36,10,-33,0,-30,-35,-35,-35,-31,-21,-14,-26,-71,-42,-65,-44,-50,0,0,152,47,64,64,54,90,139,-47,491,491,450,449]} 1. e4 c5 2. Nf3 e6 3. d4 cxd4 4. Nxd4 a6 5. c4 Nf6 6. Nc3 Qc7 7. Be2 b6 8. O-O Bb7 9. Qd3 Bb4 10. Nc2 $146 {B41: Sicilian: Kan Variation: 5 c4} ({Predecessor:} 10. Bg5 Nc6 11. Nxc6 Bxc6 12. a3 Bd6 13. f4 h6 14. Bxf6 gxf6 15. Qd2 e5 16. Rad1 Ke7 17. fxe5 Bxe5 18. h3 Rag8 19. Kh1 Rg3 20. Rf3 Rhg8 21. Rxg3 Rxg3 22. Bf3 Bxc3 23. Qxc3 Qe5 24. Qxe5+ {½-½ (24) Short,N (2652)-Gholami,A (2454) Guilan 2016}) 10... Bxc3 11. Qxc3 Bxe4 12. Bg5 {The position is equal.} Bxc2 13. Qxc2 Nc6 14. Rad1 Rc8 15. Rfe1 O-O 16. Bxf6 gxf6 17. Bf1 f5 18. Qd2 Ne5 19. Qg5+ Ng6 20. Rd4 f4 21. Red1 f6 22. Qg4 Rf7 23. h4 f5 24. Qg5 {And now h5 would win.} Rg7 25. Rd6 Rf8 26. h5 Ne5 $36 {[%mdl 2048] White is under pressure.} 27. Qxf4 Nf7 $1 28. R6d4 e5 $1 {[%cal Re5f4]} 29. Qh2 Ng5 {...Nf3+ is the strong threat.} 30. Kh1 Ne4 31. Kg1 d6 32. Rd5 {[#]} b5 $1 {[%mdl 512]} 33. c5 (33. cxb5 Qc2) 33... Ng5 $2 (33... Nxc5 $11 34. Rxd6 Ne4 35. Qxe5 Qc2) 34. Qg3 (34. cxd6 $16 Qc2 35. R1d3) 34... dxc5 $14 35. h6 Rg6 $1 {Threatens to win with ...Qc6.} 36. Rd7 Qc6 {[#] Strongly threatening ...Nf3+!} 37. R1d6 $2 (37. Rg7+ $1 $16 {[%mdl 512]} Kh8 (37... Rxg7 38. hxg7) 38. Rxg6 Qxg6 39. Qxe5+ {[%mdl 64] Double Attack} Kg8 40. Rd3) 37... Rxd6 $4 {[%mdl 8192]} (37... Nf3+ $1 $15 {stays ahead.} 38. Kh1 Qxd6 39. Rxd6 Rxg3 40. fxg3 Nd4 41. Rxa6 e4) 38. Qxg5+ $18 Rg6 39. Qe7 $1 {[%csl LRe5,LRh7][%mdl 64] Double Attack. Accuracy: White = 39%, Black = 35%.} 1-0

[Event "13th SRB-ch Men 2019"]
[Site "Beograd"]
[Date "2019.04.09"]
[Round "4.4"]
[White "Milanovic, Danilo"]
[Black "Ivanisevic, Ivan"]
[Result "0-1"]
[WhiteElo "2495"]
[BlackElo "2611"]
[Annotator "TA"]
[PlyCount "98"]
[EventDate "2019.04.06"]
[EventType "tourn"]
[EventCountry "SRB"]
[SourceTitle "playchess.com"]
[Source "ChessBase"]
[SourceQuality "1"]

{[%evp 13,98,13,28,21,28,0,0,-16,-10,-4,0,-2,0,-16,0,0,0,0,0,0,0,0,0,0,0,0,0,0,0,-1,0,-5,0,0,0,-5,-5,-5,-8,-5,-6,-17,-8,-8,-8,-4,-7,-9,-8,-11,-8,-8,-8,-14,-14,-24,-15,-25,-8,-10,-8,-8,-8,-8,-8,-8,-1,-8,0,-8,-6,-8,-3,-29,-29,-29,-22,-55,-54,-55,-53,-343,-317,-366,-514,-598,-594]} 1. d4 Nf6 2. Bf4 b6 3. e3 Bb7 4. Nf3 e6 5. Bd3 d6 6. Nbd2 Nbd7 {A47: 1 d4 Nf6 2 Nf3 b6: Torre, London and Colle Systems} 7. h3 (7. e4 Be7 8. O-O O-O 9. h3 Re8 10. Bh2 Bf8 11. e5 Nd5 12. c3 g6 13. Ne4 dxe5 14. dxe5 {1-0 (56) Bakre,T (2433)-Vishnu,P (2518) Jammu 2018}) 7... Qe7 {LiveBook: 3 Games} 8. Bh2 e5 {The position is equal.} 9. dxe5 dxe5 $146 {[#] Strongly threatening ...e4.} ({Predecessor:} 9... Nxe5 10. Bxe5 dxe5 11. Bc4 h6 12. Qe2 g6 13. Bb3 O-O-O 14. a4 a5 15. O-O Nd7 16. Ne4 Bxe4 {0-1 (16) Ingram,L (1760)-Giulian Jackson,R (2011) Edinburgh 2009}) 10. e4 g6 11. Qe2 Bh6 12. Nc4 O-O 13. O-O Nc5 {[%cal Rf6e4]} 14. Ncxe5 Nfxe4 15. Bc4 {Hoping for Nxf7.} Bg7 16. Rad1 Nd6 17. Nxf7 Qxe2 18. Nxd6+ Qxc4 $1 19. Nxc4 Bxf3 20. gxf3 Rxf3 21. Bxc7 Rxh3 22. Rfe1 Rh4 23. b3 Rd4 24. Be5 Bxe5 25. Nxe5 Rad8 26. Rxd4 Rxd4 $11 {[%mdl 4096] Endgame KRN-KRN} 27. Re2 Kg7 28. Nc6 Rd7 29. b4 Na4 30. c4 Kf6 31. Kg2 h5 32. Re8 Nb2 33. Ra8 Nxc4 34. Rxa7 Rd2 35. a4 g5 36. Ra8 Ne3+ 37. Kg1 Rd1+ 38. Kh2 Ng4+ 39. Kg2 $1 Rd2 40. Kg3 Rd3+ 41. f3 Ne3 42. Kf2 h4 43. Rd8 Ra3 {aiming for ...g4.} 44. Rd6+ Kf5 {Threatens to win with ...g4.} 45. Ne7+ Ke5 46. Rxb6 Nd1+ $1 47. Kg2 $2 {[%mdl 8192]} ({White should play} 47. Ke1 $15) 47... Ra2+ $19 ({Less strong is} 47... Rxa4 48. Ng6+ Kf5 49. Ne7+ Kf4 50. Ng6+ Kf5 51. Ne7+ Kf4 52. Ng6+ Kf5 $11) 48. Kg1 {[#]} h3 $1 ({Not} 48... Rxa4 49. Rb5+ Ke6 50. Nc6 $11) 49. Rh6 Rg2+ {Precision: White = 57%, Black = 74%.} 0-1

[Event "13th SRB-ch Men 2019"]
[Site "Beograd"]
[Date "2019.04.10"]
[Round "5.1"]
[White "Savic, Miodrag R"]
[Black "Zajic, Milan"]
[Result "1-0"]
[WhiteElo "2498"]
[BlackElo "2507"]
[Annotator "TA"]
[PlyCount "141"]
[EventDate "2019.04.06"]
[EventType "tourn"]
[EventCountry "SRB"]
[SourceTitle "playchess.com"]
[Source "ChessBase"]
[SourceQuality "1"]

{[%evp 12,141,21,12,20,14,12,0,18,20,25,25,16,8,10,13,26,20,15,20,30,25,26,31,34,37,37,28,54,53,60,59,70,0,38,22,71,71,90,85,79,83,54,61,62,49,50,7,70,0,59,13,70,66,75,78,91,45,89,92,88,66,66,66,70,75,59,53,59,52,83,87,83,85,119,51,58,-25,17,20,119,118,119,129,113,77,131,138,225,18,23,0,0,-6,0,0,0,0,5,0,4,0,0,0,0,0,0,0,74,70,209,217,210,215,29991,1030,2223,2223,1640,1343,1004,829,781,763,5525,5493,5022,4884,29981,29982,29981,29979]} 1. e4 e5 2. Nf3 Nc6 3. Bc4 Bc5 4. d3 Nf6 5. O-O d6 6. c3 h6 7. Re1 O-O {C54: Giuoco Piano: 4 c3 Nf6, main lines with 5 d4 and 5 d3} 8. Nbd2 a5 9. h3 a4 {The position is equal.} (9... Be6 10. Bb5 Qb8 11. Nf1 Qa7 12. Be3 Bxe3 13. Nxe3 Ne7 14. a4 Ng6 15. Bc4 Bxc4 16. Nxc4 {1-0 (64) Karjakin,S (2753)-Svidler,P (2737) St Petersburg 2018}) 10. Bb5 Bd7 11. Nf1 Ne7 12. Bxd7 Qxd7 13. Ng3 Ng6 14. d4 Bb6 15. Be3 exd4 16. cxd4 Qb5 $146 17. Qc2 Rfe8 18. Rac1 c6 19. Nd2 Ba5 20. Red1 Rad8 21. Nb1 Bb4 22. Nd2 (22. Nc3 $14 Bxc3 23. bxc3) 22... Nh5 23. Nxh5 {And now Nf4 would win.} Qxh5 24. Nf1 Ra8 25. Ng3 Qh4 26. a3 Ba5 27. d5 c5 28. Qe2 Qd8 29. Qg4 Qh4 ({Black should play} 29... Ne5 $11 30. Qe2 Ng6) 30. Qe2 Qd8 $1 31. Rc2 Bc7 ({Black should try} 31... Qd7 $11) 32. f4 $14 Qh4 33. Qf3 b5 34. Rf1 Rab8 35. Bd2 Qe7 36. Bc3 {Bxg7! is the strong threat.} f6 $1 37. Qg4 Qf7 38. Kh2 Kh7 39. h4 Rb7 40. Re2 b4 41. axb4 cxb4 42. Bd4 Bb8 43. h5 (43. Ra1 $16) 43... Ne7 44. Qf3 (44. Ra1 $14) 44... Rd8 45. Qd3 Kg8 (45... Ba7 $11) 46. Qa6 $16 Rdd7 47. Qxa4 f5 48. Rfe1 fxe4 (48... Ba7 $142 49. Bxa7 Rxa7 50. Qxb4 fxe4) 49. Rxe4 Qxd5 (49... Ba7 $16 {is a better defense.}) 50. Qc2 $2 ({White has to play} 50. f5 $1 $18 {[%cal Rf5f6]} Nc6 51. Rc1) 50... Qf7 $1 $11 51. R4e2 d5 52. Be5 Bxe5 53. fxe5 {Hoping for e6.} Qf4 {Strongly threatening ...Qh4+.} 54. Qd3 Rb8 55. Rf1 Qh4+ 56. Kg1 Rdd8 57. e6 Qc4 58. Qd2 Rf8 59. Rf7 Qh4 (59... Ra8 $11) 60. Qe3 $1 $16 {[%cal Re3e5]} Ra8 (60... Rbc8 $1 $14) 61. Re1 $1 $18 Rfe8 62. Ref1 $1 $40 {[%mdl 128] White is out for blood.} d4 $2 {[#]} (62... b3 $18 63. R1f4 (63. Qe5 Qg4 $16) 63... Qg5) 63. Qe5 (63. Rxg7+ $142 $3 {[%mdl 512]} Kxg7 64. Rf7+ Kg8 65. Qxh6 Ra1+ 66. Kf2 Qxg3+ {[%mdl 64] Remove Defender, Decoy} 67. Kxg3 Nf5+ 68. Rxf5 Ra5 69. Rf6 Ra3+ 70. bxa3 bxa3 71. Rg6#) 63... Qg5 {[#]} 64. Qxg5 $1 hxg5 {[#]} 65. h6 $1 {[%mdl 512]} Kh7 (65... gxh6 66. Nh5) 66. Rxg7+ Kxh6 {[#]} 67. Rxe7 $1 {[%mdl 576] Remove Defender, Decoy} Rxe7 68. Nf5+ {[%mdl 64] Double Attack} Kh5 69. Nxe7 d3 70. Nd5 d2 71. e7 {Accuracy: White = 60%, Black = 42%.} 1-0

[Event "13th SRB-ch Men 2019"]
[Site "Beograd"]
[Date "2019.04.10"]
[Round "5.2"]
[White "Ivanisevic, Ivan"]
[Black "Markovic, Miroslav"]
[Result "1-0"]
[WhiteElo "2611"]
[BlackElo "2384"]
[Annotator "TA"]
[PlyCount "51"]
[EventDate "2019.04.06"]
[EventType "tourn"]
[EventCountry "SRB"]
[SourceTitle "playchess.com"]
[Source "ChessBase"]
[SourceQuality "1"]

{[%evp 10,51,65,16,72,47,60,43,50,54,97,49,48,45,45,41,55,50,54,54,54,49,78,45,81,85,84,79,85,90,106,108,104,103,153,112,207,232,302,306,604,537,864,858]} 1. d4 Nf6 2. c4 Nc6 3. Nc3 e5 4. d5 Ne7 5. e4 Ng6 6. a3 d6 {A50: Queen's Fianchetto Defence (1 d4 Nf6 2 c4 b6)} (6... Bc5 $11) (6... Bc5 7. Rb1 a6 8. Bd3 O-O 9. b4 Ba7 10. h3 d6 11. Qf3 Nh4 12. Qg3 Nh5 13. Qh2 Qf6 14. Nd1 {0-1 (34) Swicarz,M (2333)-Mirzoev,E (2412) Wroclaw 2018}) 7. g3 Be7 8. h4 $146 ({Predecessor:} 8. Be2 c5 9. Be3 Bd7 10. h4 h5 11. Qd3 a6 12. Nh3 Ng4 13. Bg5 Nf6 14. Bd2 {0-1 (36) Nelson,O (2158)-Porter,R Kingston 2000}) 8... h6 {White is slightly better.} 9. Nf3 O-O 10. Be2 Re8 11. Nh2 c6 12. Ng4 Nxg4 13. Bxg4 Nf8 {[%cal Bg6f8,Bf8d7,Bd7b6][%mdl 32]} 14. Be3 Nd7 15. Bf5 Bf8 16. Qf3 Nb6 17. Bxc8 Rxc8 18. b3 Nd7 19. g4 Qa5 {[#]} 20. Bd2 $1 Qb6 21. Rb1 Nc5 22. Rh3 Qa6 ({Don't go for} 22... Nxb3 $2 23. Qd1 $18) (22... g6 $16) 23. g5 $18 h5 24. Qxh5 cxd5 $2 (24... b5 25. b4 (25. Rf3 g6 $16) 25... Na4 26. cxb5 cxb5 27. Nxa4 (27. Rf3 g6 $14) 27... bxa4) 25. Nxd5 {[#] Strongly threatening Nf6+.} Nxe4 26. g6 {Accuracy: White = 68%, Black = 37%.} 1-0